Segismundo de Santibáñez (Record no. 180123)
[ view plain ]
| 000 -LEADER | |
|---|---|
| campo de control de longitud fija | 01045nam a2200277 i 4500 |
| 001 - NÚMERO DE CONTROL | |
| campo de control | 180123 |
| 003 - IDENTIFICADOR DE NÚMERO DE CONTROL | |
| campo de control | ES-MaACL |
| 005 - FECHA Y HORA DE LA ÚLTIMA TRANSACCIÓN | |
| campo de control | 20250726044803.0 |
| 008 - DATOS DE LONGITUD FIJA--INFORMACIÓN GENERAL | |
| campo de control de longitud fija | 120419s2010 sp acop |||| |bspa d |
| 020 ## - NÚMERO INTERNACIONAL ESTÁNDAR DEL LIBRO | |
| Número Internacional Estándar del Libro | 978-84-614-6308-4 |
| 080 ## - NÚMERO DE LA CLASIFICACIÓN DECIMAL UNIVERSAL | |
| Número de la Clasificación Decimal Universal | 821.134.2-14"19" |
| 080 ## - NÚMERO DE LA CLASIFICACIÓN DECIMAL UNIVERSAL | |
| Número de la Clasificación Decimal Universal | 929Segismundo de Santibáñez |
| 100 0# - ENTRADA PRINCIPAL--NOMBRE DE PERSONA | |
| Nombre de persona | Segismundo de Santibáñez |
| Títulos y otros términos asociados al nombre | (O.F.M.), |
| Fechas asociadas al nombre | 1913-1990 |
| 9 (RLIN) | 149838 |
| 245 10 - MENCIÓN DEL TÍTULO | |
| Título | Segismundo de Santibáñez |
| Resto del título | : un poeta del pueblo / |
| Mención de responsabilidad, etc. | Domingo del Prado [recopilador]. |
| 250 ## - MENCION DE EDICION | |
| Mención de edición | 1ª ed. |
| 260 ## - PUBLICACIÓN, DISTRIBUCIÓN, ETC. | |
| Lugar de publicación, distribución, etc. | La Bañeza (León) : |
| Nombre del editor, distribuidor, etc. | Monte Riego, |
| Fecha de publicación, distribución, etc. | 2010. |
| 300 ## - DESCRIPCIÓN FÍSICA | |
| Extensión | 241 p. : |
| Otras características físicas | il., fot. ; |
| Dimensiones | 24 cm. |
| 505 8# - NOTA DE CONTENIDO CON FORMATO | |
| Nota de contenido con formato | Contiene: Biografía - Antología poética |
| 600 07 - PUNTO DE ACCESO ADICIONAL DE MATERIA--NOMBRE DE PERSONA | |
| Nombre de persona | Segismundo de Santibáñez |
| Títulos y otros términos asociados al nombre | (O.F.M.), |
| Fechas asociadas al nombre | 1913-1990 |
| Fuente del encabezamiento o término | |
| 9 (RLIN) | 149838 |
| 700 1# - ENTRADA AGREGADA--NOMBRE PERSONAL | |
| Nombre de persona | Prado, Domingo del. |
| 9 (RLIN) | 149837 |
| 710 2# - ENTRADA AGREGADA--NOMBRE DE ENTIDAD CORPORATIVA | |
| Nombre de entidad corporativa o nombre de jurisdicción como elemento de entrada | Fundación Conrado Blanco. |
| 9 (RLIN) | 4256 |
| 852 ## - LOCALIZACIÓN | |
| Ubicación | ES-MaACL |
| Número de control de estantería | A-12062 |
| itemnumber | 187033 |
| Sublocalización o colección | R.146809 |
| Ubicación en estantería | Depósito 1 |
| Signatura antigua | Olim: N-5067 |
| Encuadernación | Donación: Conrado Blanco |
| 903 ## - NOMBRE PERSONAL DE DONANTE | |
| 9 | 29262 |
| a | Blanco González, Conrado |
| e | Donante |
| 942 ## - ELEMENTOS DE ENTRADA SECUNDARIOS (KOHA) | |
| Fuente del sistema de clasificación o colocación | Clasificación decimal universal |
| Tipo de ítem Koha | Libro impreso |
| Estatus retirado | Estado de pérdida | Fuente del sistema de clasificación o colocación | Estado de daño | No para préstamo | Biblioteca de origen | Biblioteca actual | Ubicación en estantería | Fecha de adquisición | Fuente de adquisición | Total de préstamos | Signatura topográfica completa | Código de barras | Visto por última vez | Precio de reemplazo | Tipo de ítem Koha |
|---|---|---|---|---|---|---|---|---|---|---|---|---|---|---|---|
| Clasificación decimal universal | Biblioteca del Ateneo de Madrid | Biblioteca del Ateneo de Madrid | Depósito 1 | 19/04/2012 | Donación | A-12062 | 1189259 | 23/02/2023 | 23/02/2023 | Libro impreso |
